000 00966nam0a22002651 4500
001 rc\3144392
005 20120615101905.1
021 _aRU
_b[75-95943]
035 _a(NLR Aleph) 007319649
090 _a5896160
_c5896160
100 _a20120615d1975 |||y0rusy50 ca
101 0 _arus
102 _aRU
105 _aa z |||||
200 1 _aГеологическое изучение динамики берегов водохранилищ
_fЕ.Г. Качугин
_gПроизв. и науч.-исслед. ин-т по инж. изысканиям в стр-ве
210 _aМосква
_cНаука
_d1975
215 _a147 с.
_cил.
_d21
320 _aСписок лит.: с. 135-146
606 _aБерега водохранилищ
_xДинамика
_2psbo
700 1 _aКачугин
_bЕ. Г.
_gЕвгений Георгиевич
801 0 _aRU
_bNLR
_gpsbo
801 1 _aRU
_bELAR
_2rusmarc
852 _aNLR
_j76-5/2285
942 _cBOOK
980 _aNB